[Event "Campeonato de Australia 2007-2008"]
[Site "Parramatta AUS"]
[Date "2008.01.03"]
[Round "2.5"]
[White "Oliver, Gareth"]
[Black "Van Riemsdijk, Herman Claudius"]
[Result "1/2-1/2"]
[WhiteElo "2164"]
[BlackElo "2391"]
[PlyCount "103"]
[EventDate "2008.01.02"]
[EventType "swiss"]
[EventRounds "11"]
[EventCountry "AUS"]
[Source "lmi"]
[SourceDate "2008.01.02"]

1. d4 Nf6 2. c4 c5 3. d5 b5 4. cxb5 a6 5. b6 d6 6. Nc3 g6 7. e4 Bg7 8. Nf3 O-O
9. Be2 Qxb6 10. O-O Bg4 11. Nd2 Bxe2 12. Qxe2 a5 13. a4 Nfd7 14. Nb5 Na6 15.
Nc4 Qd8 16. Bd2 Nb4 17. Bc3 Nb6 18. f4 Nxc4 19. Qxc4 Bxc3 20. Qxc3 Qd7 21. f5
gxf5 22. Rxf5 f6 23. Qh3 Kh8 24. Ra3 Rg8 25. Rh5 Qxh3 26. Raxh3 Rg7 27. Nc7
Rag8 28. Ne6 Rf7 29. Kf2 c4 30. Nf4 Rg5 31. Ke3 Rxh5 32. Rxh5 Kg8 33. Ne6 Nd3
34. b3 Ne5 35. bxc4 Nxc4+ 36. Kd4 Nb6 37. Rh3 Nxa4 38. Rg3+ Kh8 39. Ra3 Nc5 40.
Nxc5 dxc5+ 41. Kxc5 Rg7 42. Rxa5 Kg8 43. Ra2 Kf7 44. g3 Rg4 45. Re2 h5 46. Kd4
h4 47. gxh4 Rxh4 48. Ke3 e6 49. Rd2 Ke7 50. Kf3 Kd6 51. dxe6+ Kxe6 52. Ke3
1/2-1/2

[Event "Campeonato de Australia 2007-2008"]
[Site "Parramatta AUS"]
[Date "2008.01.03"]
[Round "2.6"]
[White "Suttor, Vincent"]
[Black "Ly, Moulthun"]
[Result "0-1"]
[WhiteElo "2139"]
[BlackElo "2319"]
[PlyCount "142"]
[EventDate "2008.01.02"]
[EventType "swiss"]
[EventRounds "11"]
[EventCountry "AUS"]
[Source "lmi"]
[SourceDate "2008.01.02"]

1. d4 Nf6 2. c4 e6 3. Nc3 Bb4 4. Qb3 Nc6 5. Nf3 d5 6. Bg5 dxc4 7. Qxc4 Qd5 8.
Qxd5 Nxd5 9. Bd2 Nxc3 10. bxc3 Bd6 11. e3 Bd7 12. Rb1 b6 13. Ba6 Rb8 14. O-O
O-O 15. c4 e5 16. Bc3 exd4 17. exd4 Bf5 18. Rb2 Rbd8 19. Bb5 Nb8 20. Rd2 Bf4
21. Rb2 c6 22. Ba4 Bd3 23. Rd1 Bxc4 24. Bb4 Rfe8 25. g3 Bd5 26. Ne1 Bd6 27. Bc3
Re7 28. Bb3 Ba3 29. Rbd2 Red7 30. Nc2 Bf8 31. Ne1 Na6 32. Nd3 f6 33. Ba4 Bd6
34. Rc1 Rc7 35. Rcd1 Re7 36. Rc1 Kf7 37. Rcd1 Rde8 38. Kf1 g5 39. Kg1 h5 40.
Kf1 h4 41. Bb3 Bxb3 42. axb3 Nc7 43. Bb4 Rd7 44. Rc2 Bxb4 45. Nxb4 c5 46. Nc6
hxg3 47. hxg3 Nb5 48. d5 a5 49. Rd3 Nd4 50. Nxd4 Rxd5 51. Rcd2 cxd4 52. Rxd4
Rxd4 53. Rxd4 Re5 54. b4 Ke6 55. bxa5 bxa5 56. Rd8 Rd5 57. Ra8 Ke5 58. Ke2 Kd4
59. Ra6 f5 60. Kd2 Kc4+ 61. Kc2 g4 62. Ra8 Kb4 63. Rb8+ Rb5 64. Re8 a4 65. Re3
Ra5 66. Kb2 Rd5 67. Kc2 a3 68. Rb3+ Ka4 69. Re3 Rb5 70. f3 a2 71. Re1 Rb1 0-1

[Event "Campeonato de Australia 2007-2008"]
[Site "Parramatta AUS"]
[Date "2008.01.03"]
[Round "2.7"]
[White "Canfell, Gregory"]
[Black "Illingworth, Max"]
[Result "1-0"]
[WhiteElo "2315"]
[BlackElo "2201"]
[PlyCount "77"]
[EventDate "2008.01.02"]
[EventType "swiss"]
[EventRounds "11"]
[EventCountry "AUS"]
[Source "lmi"]
[SourceDate "2008.01.02"]

1. Nf3 Nf6 2. d4 e6 3. g3 b5 4. Bg2 Bb7 5. O-O c5 6. c3 Na6 7. Bf4 Be7 8. Qd3
Qb6 9. a4 bxa4 10. Nbd2 d5 11. Rxa4 cxd4 12. Qxd4 Bc5 13. Qd3 Ne4 14. Nd4 f5
15. Be3 O-O 16. b4 Bxd4 17. Bxd4 Qd6 18. Rfa1 Nc7 19. Nxe4 fxe4 20. Qe3 Nb5 21.
Bc5 Qc6 22. Bxf8 Rxf8 23. Qc5 Rc8 24. Rxa7 Nxa7 25. Rxa7 Qxc5 26. bxc5 Bc6 27.
Bh3 Re8 28. Rc7 Bb5 29. e3 Kf8 30. Rb7 Bc4 31. Bg4 Ra8 32. h4 Ra3 33. c6 Rxc3
34. Bxe6 Ba6 35. Rf7+ Ke8 36. c7 Bc8 37. Bxd5 Rc5 38. Rxg7 Bf5 39. Rg5 1-0

[Event "Campeonato de Australia 2007-2008"]
[Site "Parramatta AUS"]
[Date "2008.01.03"]
[Round "2.8"]
[White "Rej, Tomek"]
[Black "Lazarus, Benjamin"]
[Result "0-1"]
[WhiteElo "2283"]
[BlackElo "2123"]
[PlyCount "84"]
[EventDate "2008.01.02"]
[EventType "swiss"]
[EventRounds "11"]
[EventCountry "AUS"]
[Source "lmi"]
[SourceDate "2008.01.02"]

1. d4 Nf6 2. c4 e6 3. Nc3 Bb4 4. a3 Bxc3+ 5. bxc3 c5 6. e3 Nc6 7. Bd3 O-O 8.
Ne2 b6 9. O-O Ne8 10. e4 Ba6 11. f4 f5 12. Ng3 g6 13. Be3 cxd4 14. cxd4 d5 15.
exd5 exd5 16. cxd5 Bxd3 17. dxc6 Bxf1 18. Qb3+ Rf7 19. Nxf1 Nf6 20. Nd2 Qd5 21.
Rc1 Rc8 22. Qa4 Re7 23. Bf2 Rec7 24. Qa6 Qe6 25. Re1 Qxc6 26. Nf3 Qc4 27. Qxc4+
Rxc4 28. Re7 Re8 29. Re5 Rc3 30. Bh4 Rc1+ 31. Ne1 Kf7 32. Bxf6 Rxe1+ 33. Kf2
R1xe5 34. fxe5 Ke6 35. Ke3 Kd5 36. Kd3 Rc8 37. g3 b5 38. Be7 Rc4 39. Bc5 Rxc5
40. dxc5 Kxe5 41. Kc3 a5 42. a4 Kd5 0-1

[Event "Campeonato de Australia 2007-2008"]
[Site "Parramatta AUS"]
[Date "2008.01.03"]
[Round "2.9"]
[White "Pecori, Ascaro"]
[Black "Boyd, Tristan"]
[Result "1/2-1/2"]
[WhiteElo "2129"]
[BlackElo "2270"]
[PlyCount "39"]
[EventDate "2008.01.02"]
[EventType "swiss"]
[EventRounds "11"]
[EventCountry "AUS"]
[Source "lmi"]
[SourceDate "2008.01.02"]

1. d4 Nf6 2. Nf3 g6 3. Bf4 Bg7 4. h3 O-O 5. e3 d6 6. Be2 Qe8 7. O-O Nc6 8. Nc3
a6 9. Re1 h6 10. e4 e5 11. dxe5 dxe5 12. Bh2 Nd7 13. Nd5 Qd8 14. c3 Nc5 15. Bf1
Be6 16. Nb4 Nxb4 17. cxb4 Nd7 18. Qc2 c6 19. Red1 Qb6 20. a3 1/2-1/2

[Event "Campeonato de Australia 2007-2008"]
[Site "Parramatta AUS"]
[Date "2008.01.03"]
[Round "2.10"]
[White "Xie, George"]
[Black "Broekhuyse, Paul"]
[Result "1-0"]
[WhiteElo "2413"]
[BlackElo "2130"]
[PlyCount "93"]
[EventDate "2008.01.02"]
[EventType "swiss"]
[EventRounds "11"]
[EventCountry "AUS"]
[Source "lmi"]
[SourceDate "2008.01.02"]

1. d4 Nf6 2. Nf3 e6 3. Bg5 d5 4. Nbd2 c5 5. e3 Nc6 6. c3 Bd6 7. Bd3 h6 8. Bh4
O-O 9. Qe2 e5 10. dxe5 Nxe5 11. Nxe5 Bxe5 12. Nf3 Bd6 13. O-O-O Be6 14. Bc2 Be7
15. Ne5 Qa5 16. f4 Qxa2 17. Bb1 Qa1 18. Qc2 Rfe8 19. g4 Ne4 20. Bxe7 Rxe7 21.
c4 Nf6 22. cxd5 Bc8 23. d6 Re6 24. d7 Bxd7 25. Nxd7 Ne4 26. Ne5 Rb6 27. Nc4 Re6
28. Nd2 Rae8 29. Nxe4 Rxe4 30. Rd8 Rxd8 31. Qxe4 Qa5 32. Rd1 Rxd1+ 33. Kxd1
Qd8+ 34. Kc1 b5 35. Qh7+ Kf8 36. Qh8+ Ke7 37. Qxg7 Qd5 38. Bc2 Qc4 39. b3 Qe6
40. Qc3 c4 41. Bf5 Qd5 42. Qe5+ Qxe5 43. fxe5 cxb3 44. Kb2 a5 45. Kxb3 Kd8 46.
h4 Ke7 47. h5 1-0

[Event "Campeonato de Australia 2007-2008"]
[Site "Parramatta AUS"]
[Date "2008.01.03"]
[Round "2.11"]
[White "Goldenberg, Igor"]
[Black "Bird, Andrew"]
[Result "1-0"]
[WhiteElo "2395"]
[BlackElo "2148"]
[PlyCount "113"]
[EventDate "2008.01.02"]
[EventType "swiss"]
[EventRounds "11"]
[EventCountry "AUS"]
[Source "lmi"]
[SourceDate "2008.01.02"]

1. c4 Nf6 2. Nc3 e5 3. Nf3 Nc6 4. e3 Bb4 5. Qc2 O-O 6. Nd5 Re8 7. a3 Bf8 8. Qf5
Nxd5 9. cxd5 d6 10. Qc2 Ne7 11. Bc4 g6 12. b4 c6 13. dxc6 Nxc6 14. Qb3 Be6 15.
Bxe6 Rxe6 16. b5 Na5 17. Qd5 Rc8 18. d4 Qe7 19. O-O Nc4 20. a4 Nb6 21. Qb3 e4
22. Nd2 Qg5 23. Ba3 Nd5 24. Rfc1 Rce8 25. Nf1 h5 26. h4 Qxh4 27. Qxd5 Rf6 28.
Ra2 Rf5 29. Qxb7 Rg5 30. f4 exf3 31. Qxf3 Rf5 32. Qe2 Bh6 33. Re1 Rxf1+ 34.
Kxf1 Bxe3 35. Qxe3 Rxe3 36. Rxe3 Qxd4 37. Rae2 Qxa4 38. Bb2 g5 39. Kg1 Qxb5 40.
Re8+ Kh7 41. Rh8+ Kg6 42. Rf2 f5 43. Rg8+ Kh6 44. Bf6 g4 45. Rg5 h4 46. Rgxf5
Qb1+ 47. Rf1 Qb6+ 48. Kh2 h3 49. gxh3 gxh3 50. Kxh3 Qb3+ 51. R5f3 Qe6+ 52. Kh2
Qe2+ 53. R1f2 Qe6 54. Bd4 Qd5 55. Rf6+ Kh7 56. Rf7+ Kg8 57. Rg7+ 1-0

[Event "Campeonato de Australia 2007-2008"]
[Site "Parramatta AUS"]
[Date "2008.01.03"]
[Round "2.12"]
[White "Bjelobrk, Igor"]
[Black "Booth, Stewart"]
[Result "1/2-1/2"]
[WhiteElo "2380"]
[BlackElo "2142"]
[PlyCount "82"]
[EventDate "2008.01.02"]
[EventType "swiss"]
[EventRounds "11"]
[EventCountry "AUS"]
[Source "lmi"]
[SourceDate "2008.01.02"]

1. d4 d5 2. c4 e6 3. Nc3 Be7 4. cxd5 exd5 5. Bf4 Nf6 6. e3 c6 7. Bd3 O-O 8.
Nge2 Na6 9. a3 Nc7 10. Qc2 Ne6 11. Bg3 g6 12. O-O Nh5 13. b4 a6 14. Rfb1 Neg7
15. a4 Bf5 16. Nc1 Nxg3 17. hxg3 Qd7 18. a5 Bd6 19. Na4 Qe7 20. Nc5 Rae8 21.
Bxf5 Nxf5 22. N1d3 h5 23. Ne5 Rd8 24. Qd1 Kg7 25. Qf3 f6 26. Ned3 Rde8 27. Rc1
Bb8 28. b5 axb5 29. Nb4 Rc8 30. a6 b6 31. Ncd3 Qd7 32. a7 Bxa7 33. Nxc6 Rxc6
34. Rxc6 Qxc6 35. Rxa7+ Rf7 36. Rxf7+ Kxf7 37. Nb4 Qc1+ 38. Kh2 Ne7 39. Nxd5
Qc6 40. e4 Nxd5 41. exd5 Qd6 1/2-1/2

[Event "Campeonato de Australia 2007-2008"]
[Site "Parramatta AUS"]
[Date "2008.01.03"]
[Round "2.13"]
[White "Capilitan, Romeo"]
[Black "Sales, Jesse Noel"]
[Result "0-1"]
[WhiteElo "2134"]
[BlackElo "2126"]
[PlyCount "68"]
[EventDate "2008.01.02"]
[EventType "swiss"]
[EventRounds "11"]
[EventCountry "AUS"]
[Source "lmi"]
[SourceDate "2008.01.02"]

1. Nf3 d5 2. c4 e6 3. d4 Nf6 4. Nc3 c6 5. cxd5 exd5 6. Bg5 Bd6 7. e3 Nbd7 8.
Bd3 Be7 9. Qc2 O-O 10. O-O Re8 11. Rfe1 h6 12. Bh4 Ne4 13. Bxe7 Qxe7 14. Nd2
Ndf6 15. f3 Nxd2 16. Qxd2 Be6 17. Na4 b6 18. Rac1 Bd7 19. b3 c5 20. Nb2 Qd6 21.
Bf1 cxd4 22. exd4 a5 23. Nd3 a4 24. Ne5 axb3 25. axb3 Rec8 26. Bd3 Rxc1 27.
Rxc1 Qa3 28. Nxd7 Nxd7 29. Rc7 Qd6 30. Qc1 Nc5 31. Rxc5 bxc5 32. dxc5 Qe5 33.
Bb1 Qd4+ 34. Kf1 Rc8 0-1

[Event "Campeonato de Australia 2007-2008"]
[Site "Parramatta AUS"]
[Date "2008.01.03"]
[Round "2.14"]
[White "Yadao, Israel"]
[Black "Atzmon-Simon, Barak"]
[Result "1-0"]
[WhiteElo "2266"]
[BlackElo "2142"]
[PlyCount "113"]
[EventDate "2008.01.02"]
[EventType "swiss"]
[EventRounds "11"]
[EventCountry "AUS"]
[Source "lmi"]
[SourceDate "2008.01.02"]

1. e4 d6 2. d4 Nf6 3. f3 g6 4. Be3 Bg7 5. c4 O-O 6. Nc3 c5 7. dxc5 dxc5 8. Qxd8
Rxd8 9. Bxc5 Nc6 10. Nge2 Nd7 11. Be3 Nde5 12. Nf4 b6 13. Be2 Ba6 14. O-O Bxc4
15. Rac1 Nd3 16. Bxd3 Bxd3 17. Rfd1 Ba6 18. Ncd5 Bb7 19. Rxc6 Bxc6 20. Nxe7+
Kf8 21. Rxd8+ Kxe7 22. Rxa8 Bxa8 23. b3 Be5 24. Nd3 Bc3 25. Kf2 Bc6 26. Nf4 Be5
27. Ne2 Bc7 28. h3 a6 29. Bd4 Bd7 30. Ke3 Be6 31. Nc3 Kd7 32. Bf6 b5 33. Nd5
Bh2 34. f4 Bg1+ 35. Kd3 h5 36. Bd4 Bh2 37. Be3 Bxd5 38. exd5 Kd6 39. Ke4 f5+
40. Kf3 h4 41. Bf2 Kxd5 42. Bxh4 Bg1 43. Bf2 Bxf2 44. Kxf2 Ke4 45. g3 b4 46.
Ke2 Kd4 47. Kf3 Kc3 48. g4 Kb2 49. gxf5 gxf5 50. h4 Kxa2 51. h5 Kxb3 52. h6 Ka2
53. h7 b3 54. h8=Q b2 55. Qg8+ Kb1 56. Qg7 a5 57. Qc3 1-0

[Event "Campeonato de Australia 2007-2008"]
[Site "Parramatta AUS"]
[Date "2008.01.03"]
[Round "2.15"]
[White "Morris, James"]
[Black "Chow, Samuel"]
[Result "1/2-1/2"]
[WhiteElo "2096"]
[BlackElo "2240"]
[PlyCount "33"]
[EventDate "2008.01.02"]
[EventType "swiss"]
[EventRounds "11"]
[EventCountry "AUS"]
[Source "lmi"]
[SourceDate "2008.01.02"]

1. d4 Nf6 2. c4 g6 3. Nc3 d5 4. h4 dxc4 5. Bg5 c6 6. a4 Bg7 7. e3 Be6 8. Nf3
Nd5 9. h5 h6 10. hxg6 Nxc3 11. bxc3 Qa5 12. gxf7+ Bxf7 13. Bf4 Qxc3+ 14. Nd2 b5
15. axb5 cxb5 16. Rc1 Qa3 17. Ra1 1/2-1/2

[Event "Campeonato de Australia 2007-2008"]
[Site "Parramatta AUS"]
[Date "2008.01.03"]
[Round "2.16"]
[White "Pyke, Malcolm"]
[Black "Wei, Michael"]
[Result "1/2-1/2"]
[WhiteElo "2191"]
[BlackElo "2139"]
[PlyCount "107"]
[EventDate "2008.01.02"]
[EventType "swiss"]
[EventRounds "11"]
[EventCountry "AUS"]
[Source "lmi"]
[SourceDate "2008.01.02"]

1. d4 d5 2. Nf3 Nf6 3. c4 c6 4. e3 e6 5. Bd3 Nbd7 6. O-O dxc4 7. Bxc4 b5 8. Bd3
Bb7 9. Nbd2 a6 10. a4 Bd6 11. Qe2 O-O 12. Rd1 Qb8 13. e4 e5 14. axb5 cxb5 15.
d5 Nc5 16. Bc2 Bc8 17. Nf1 Bd7 18. Ng3 a5 19. Bg5 Ne8 20. Be3 b4 21. Bxc5 Bxc5
22. Ba4 Bxa4 23. Rxa4 f6 24. Rda1 Bb6 25. Nf5 Rf7 26. Nd2 Rfa7 27. Nc4 g6 28.
Ng3 Nd6 29. Nf1 Nxc4 30. Qxc4 Rc7 31. Qb3 Kg7 32. d6 Rd7 33. Qe6 Rxd6 34. Qb3
Qd8 35. g4 Rc8 36. g5 fxg5 37. Qg3 Qf6 38. Ne3 Rd2 39. Rxa5 Bxa5 40. Rxa5 Qf4
41. Ra7+ Kg8 42. Qxf4 gxf4 43. Nd5 f3 44. h4 Rc1+ 45. Kh2 Rxf2+ 46. Kg3 Rxb2
47. Rd7 Rg1+ 48. Kh3 Rh1+ 49. Kg3 Rxh4 50. Kxh4 Re2 51. Nf6+ Kf8 52. Nxh7+ Kg8
53. Nf6+ Kf8 54. Nh7+ 1/2-1/2

[Event "Campeonato de Australia 2007-2008"]
[Site "Parramatta AUS"]
[Date "2008.01.03"]
[Round "2.17"]
[White "Morris, Michael"]
[Black "Hacche, David"]
[Result "1/2-1/2"]
[WhiteElo "1985"]
[BlackElo "2182"]
[PlyCount "56"]
[EventDate "2008.01.02"]
[EventType "swiss"]
[EventRounds "11"]
[EventCountry "AUS"]
[Source "lmi"]
[SourceDate "2008.01.02"]

1. e4 d6 2. d4 g6 3. Nc3 a6 4. a4 Nd7 5. Be3 Bg7 6. Qd2 b6 7. Bd3 Bb7 8. Nf3 e6
9. O-O h6 10. Rad1 Ne7 11. Ne2 Nf6 12. Ng3 Ng4 13. Bf4 e5 14. dxe5 dxe5 15. Be3
Nxe3 16. Qxe3 Qc8 17. Bc4 O-O 18. Rd3 Nc6 19. c3 Nd8 20. Rd2 Ne6 21. Rfd1 Rb8
22. b4 Bc6 23. Bb3 Qe8 24. Ra1 Kh7 25. Bc2 Bf6 26. a5 b5 27. Bb3 Qe7 28. Rad1
Nf4 1/2-1/2

[Event "Campeonato de Australia 2007-2008"]
[Site "Parramatta AUS"]
[Date "2008.01.03"]
[Round "2.18"]
[White "Charles, Gareth"]
[Black "Hu, Jason"]
[Result "1-0"]
[WhiteElo "2180"]
[BlackElo "2120"]
[PlyCount "103"]
[EventDate "2008.01.02"]
[EventType "swiss"]
[EventRounds "11"]
[EventCountry "AUS"]
[Source "lmi"]
[SourceDate "2008.01.02"]

1. d4 d5 2. Nf3 Nf6 3. c4 c6 4. Nbd2 e6 5. e3 a6 6. Bd3 Nbd7 7. O-O Be7 8. e4
dxe4 9. Nxe4 Nxe4 10. Bxe4 Nf6 11. Bc2 b5 12. c5 a5 13. Re1 Nd5 14. Ne5 Bb7 15.
Qh5 g6 16. Qh3 Bf6 17. Bh6 Qe7 18. Rad1 a4 19. Re4 O-O-O 20. a3 g5 21. g3 Rhe8
22. Rde1 Kc7 23. Kh1 Bc8 24. Nf3 Rg8 25. Qh5 Rg6 26. h4 gxh4 27. Nxh4 Bxh4 28.
Rxh4 Qf6 29. Bxg6 hxg6 30. Qe5+ Qxe5 31. dxe5 Bd7 32. Bg5 Rb8 33. Bd2 Be8 34.
Kg2 Kd7 35. Ree4 Ra8 36. Rh8 Rb8 37. Kh3 Ra8 38. Kh4 Ke7 39. Bh6 Rb8 40. Bf8+
Kd7 41. Bd6 Rb7 42. Kg5 Ra7 43. Reh4 Ra8 44. Rf8 Rc8 45. Rh7 b4 46. axb4 Nxb4
47. Rh4 Nd3 48. Rxa4 Rd8 49. Ra7+ Kc8 50. Rc7+ Kb8 51. Re7+ Kc8 52. Rexe8 1-0

[Event "Campeonato de Australia 2007-2008"]
[Site "Parramatta AUS"]
[Date "2008.01.03"]
[Round "2.19"]
[White "Stojic, Dusan"]
[Black "Malik, Hani"]
[Result "1-0"]
[WhiteElo "2155"]
[BlackElo "2009"]
[PlyCount "57"]
[EventDate "2008.01.02"]
[EventType "swiss"]
[EventRounds "11"]
[EventCountry "AUS"]
[Source "lmi"]
[SourceDate "2008.01.02"]

1. e4 c5 2. Nf3 e6 3. d4 cxd4 4. Nxd4 Nc6 5. Nc3 a6 6. Be2 Nge7 7. Nb3 Ng6 8.
O-O Be7 9. Be3 b5 10. a4 b4 11. a5 Nxa5 12. Nd5 exd5 13. Nxa5 Qc7 14. Qxd5 Rb8
15. Bc4 Ne5 16. Ba7 Rb7 17. Bd4 Nxc4 18. Qxc4 Qxc4 19. Nxc4 O-O 20. Ne3 Rb5 21.
Nf5 Bc5 22. Bxg7 Re8 23. Bf6 Bb7 24. e5 Re6 25. Rad1 Bf8 26. Rxd7 Rxf6 27. exf6
Bc8 28. Ne7+ Bxe7 29. Rxe7 1-0

[Event "Campeonato de Australia 2007-2008"]
[Site "Parramatta AUS"]
[Date "2008.01.03"]
[Round "3.1"]
[White "Solomon, Stephen J"]
[Black "Canfell, Gregory"]
[Result "1-0"]
[WhiteElo "2468"]
[BlackElo "2315"]
[PlyCount "97"]
[EventDate "2008.01.02"]
[EventType "swiss"]
[EventRounds "11"]
[EventCountry "AUS"]
[Source "lmi"]
[SourceDate "2008.01.02"]

1. e4 c5 2. Nf3 e6 3. d4 cxd4 4. Nxd4 Nf6 5. Nc3 d6 6. Be2 Be7 7. O-O O-O 8.
Be3 Nc6 9. f4 e5 10. fxe5 dxe5 11. Nf5 Bxf5 12. Rxf5 g6 13. Rf2 Qxd1+ 14. Rxd1
Nd4 15. Bg5 Kg7 16. Bc4 Rac8 17. Bb3 Ng8 18. Bxe7 Nxe7 19. Nd5 Nxd5 20. Bxd5
Rxc2 21. Rxc2 Nxc2 22. Bxb7 Nd4 23. b3 f5 24. exf5 gxf5 25. Kf2 Rf7 26. Ba6 Rc7
27. Bc4 Kf6 28. Rd3 Rd7 29. Ke3 Rg7 30. Rd2 Rg4 31. Bd5 Rg7 32. b4 Rc7 33. Rxd4
exd4+ 34. Kxd4 Rc1 35. a4 Rd1+ 36. Kc5 Ke5 37. Bf3 Rc1+ 38. Kb5 Kd6 39. a5 Kc7
40. h4 h6 41. h5 f4 42. Ka6 Rb1 43. Kb5 Rc1 44. Ka6 Rb1 45. b5 Ra1 46. Bb7 Ra3
47. Kxa7 Rxa5+ 48. Ba6 Kd6 49. b6 1-0

[Event "Campeonato de Australia 2007-2008"]
[Site "Parramatta AUS"]
[Date "2008.01.03"]
[Round "3.2"]
[White "Lane, Gary William"]
[Black "Lazarus, Benjamin"]
[Result "1-0"]
[WhiteElo "2412"]
[BlackElo "2123"]
[PlyCount "69"]
[EventDate "2008.01.02"]
[EventType "swiss"]
[EventRounds "11"]
[EventCountry "AUS"]
[Source "lmi"]
[SourceDate "2008.01.02"]

1. e4 e6 2. d4 d5 3. Nd2 c5 4. exd5 Qxd5 5. dxc5 Bxc5 6. Ngf3 Nf6 7. Bc4 Qc6 8.
Qe2 a6 9. a4 O-O 10. O-O b6 11. Nb3 Bd6 12. Bg5 Bb7 13. Rfe1 Nbd7 14. Nbd4 Qe4
15. Qd2 Qg4 16. h3 Qh5 17. Bf1 Bc5 18. Bxf6 gxf6 19. b4 Bxd4 20. Nxd4 Rad8 21.
Qe3 f5 22. b5 e5 23. Nc6 Rde8 24. Qd3 Nc5 25. Qg3+ Kh8 26. Rxe5 Ne6 27. Be2 Qg6
28. Qxg6 fxg6 29. Bc4 axb5 30. axb5 Bxc6 31. bxc6 Nd4 32. Rxe8 Rxe8 33. c7 Rc8
34. Rd1 b5 35. Rxd4 1-0

[Event "Campeonato de Australia 2007-2008"]
[Site "Parramatta AUS"]
[Date "2008.01.03"]
[Round "3.3"]
[White "Antic, Dejan"]
[Black "Ly, Moulthun"]
[Result "1/2-1/2"]
[WhiteElo "2480"]
[BlackElo "2319"]
[PlyCount "49"]
[EventDate "2008.01.02"]
[EventType "swiss"]
[EventRounds "11"]
[EventCountry "AUS"]
[Source "lmi"]
[SourceDate "2008.01.02"]

1. d4 Nf6 2. c4 e6 3. Nf3 b6 4. g3 Ba6 5. b3 d5 6. cxd5 exd5 7. Bg2 Bb4+ 8. Bd2
Be7 9. Nc3 Ne4 10. O-O Nxd2 11. Qxd2 c6 12. Ne5 O-O 13. Rfd1 Bb7 14. e4 dxe4
15. Bxe4 f6 16. Nd3 Qd7 17. Nf4 f5 18. Bf3 Na6 19. d5 c5 20. Ne6 Rf6 21. Qe2
Bd6 22. Kg2 Nc7 23. Nxc7 Qxc7 24. Nb5 Qd7 25. Re1 1/2-1/2

[Event "Campeonato de Australia 2007-2008"]
[Site "Parramatta AUS"]
[Date "2008.01.03"]
[Round "3.4"]
[White "Boyd, Tristan"]
[Black "Johansen, Darryl Keith"]
[Result "1/2-1/2"]
[WhiteElo "2270"]
[BlackElo "2475"]
[PlyCount "78"]
[EventDate "2008.01.02"]
[EventType "swiss"]
[EventRounds "11"]
[EventCountry "AUS"]
[Source "lmi"]
[SourceDate "2008.01.02"]

1. d4 Nf6 2. c4 c5 3. d5 e5 4. Nc3 d6 5. e4 Be7 6. g3 O-O 7. Bg2 Na6 8. Nge2
Nc7 9. O-O a6 10. a4 b6 11. f4 Rb8 12. Bd2 Nd7 13. Bh3 Bf6 14. Rb1 b5 15. axb5
axb5 16. cxb5 Nxb5 17. Nxb5 Rxb5 18. Bc3 exf4 19. gxf4 Bxc3 20. Nxc3 Rb4 21.
Qf3 Re8 22. Rf2 Nf6 23. Bxc8 Qxc8 24. Re1 Qb8 25. Ree2 Rb7 26. Qg2 Kf8 27. Rf1
Rbe7 28. Rfe1 Nd7 29. Qg3 Kg8 30. Qf3 f6 31. Kh1 Qb3 32. Qd3 Nb6 33. Qb5 Qxb5
34. Nxb5 Nxd5 35. Nxd6 Nxf4 36. Nxe8 Nxe2 37. Nxf6+ gxf6 38. Rxe2 Kf7 39. Kg2
f5 1/2-1/2

[Event "Campeonato de Australia 2007-2008"]
[Site "Parramatta AUS"]
[Date "2008.01.03"]
[Round "3.5"]
[White "Klein, Felix"]
[Black "Oliver, Gareth"]
[Result "1-0"]
[WhiteElo "2205"]
[BlackElo "2164"]
[PlyCount "83"]
[EventDate "2008.01.02"]
[EventType "swiss"]
[EventRounds "11"]
[EventCountry "AUS"]
[Source "lmi"]
[SourceDate "2008.01.02"]

1. e4 c5 2. Nf3 d6 3. d4 cxd4 4. Nxd4 Nf6 5. Nc3 g6 6. Be3 Bg7 7. f3 O-O 8. Qd2
Nc6 9. Bc4 Bd7 10. O-O-O Na5 11. Bb3 Rb8 12. h4 b5 13. h5 Nc4 14. Qf2 Nxe3 15.
Qxe3 a5 16. hxg6 hxg6 17. e5 dxe5 18. Nc6 Bxc6 19. Rxd8 Rfxd8 20. a3 b4 21.
axb4 Rxb4 22. Qc5 Bb7 23. Qxe7 Rf8 24. Rd1 e4 25. Rd6 exf3 26. gxf3 Nh5 27. Rd8
Rxd8 28. Bxf7+ Kh7 29. Qxd8 Bxf3 30. Qd3 Be4 31. Nxe4 Bxb2+ 32. Kb1 Bg7+ 33.
Ka2 Ra4+ 34. Kb3 Rb4+ 35. Ka3 Nf4 36. Qf3 Bb2+ 37. Ka2 Be5 38. c3 Rb6 39. Qe3
Bc7 40. Qc5 Rb2+ 41. Ka1 Rb7 42. Qf8 1-0

[Event "Campeonato de Australia 2007-2008"]
[Site "Parramatta AUS"]
[Date "2008.01.03"]
[Round "3.6"]
[White "Van Riemsdijk, Herman Claudius"]
[Black "Pecori, Ascaro"]
[Result "1-0"]
[WhiteElo "2391"]
[BlackElo "2129"]
[PlyCount "63"]
[EventDate "2008.01.02"]
[EventType "swiss"]
[EventRounds "11"]
[EventCountry "AUS"]
[Source "lmi"]
[SourceDate "2008.01.02"]

1. e4 c5 2. Nf3 Nc6 3. Nc3 d6 4. d4 cxd4 5. Nxd4 e6 6. Bc4 Nf6 7. Bb3 Be7 8.
Be3 Bd7 9. f4 Qa5 10. O-O Nxd4 11. Bxd4 Bc6 12. Qe2 O-O 13. f5 e5 14. Bf2 b5
15. a3 Qc7 16. Bh4 Rfe8 17. Bxf6 Bxf6 18. Bd5 a6 19. Bxc6 Qxc6 20. Nd5 Rac8 21.
c3 Bd8 22. Rad1 f6 23. Rd3 a5 24. Rfd1 Qb7 25. Qh5 Bb6+ 26. Kh1 Red8 27. Rh3 h6
28. Rg3 Kf8 29. Nxf6 Rc4 30. b3 Rxe4 31. Nxe4 Qxe4 32. f6 1-0

[Event "Campeonato de Australia 2007-2008"]
[Site "Parramatta AUS"]
[Date "2008.01.03"]
[Round "3.7"]
[White "Ikeda, Junta"]
[Black "Xie, George"]
[Result "1-0"]
[WhiteElo "2201"]
[BlackElo "2413"]
[PlyCount "83"]
[EventDate "2008.01.02"]
[EventType "swiss"]
[EventRounds "11"]
[EventCountry "AUS"]
[Source "lmi"]
[SourceDate "2008.01.02"]

1. d4 Nf6 2. Nf3 e6 3. c4 c5 4. Nc3 cxd4 5. Nxd4 Nc6 6. Ndb5 d5 7. cxd5 exd5 8.
Bf4 Bb4 9. Nc7+ Kf8 10. Nxa8 Ne4 11. f3 Nxc3 12. bxc3 Bxc3+ 13. Kf2 g5 14. Bg3
f5 15. Kg1 f4 16. Bf2 Bxa1 17. Qxa1 d4 18. h4 g4 19. g3 Qd6 20. Kh2 Bd7 21. Bg2
Rg8 22. Rg1 Ke7 23. Qb1 d3 24. exd3 Rxa8 25. d4 Qg6 26. Qb3 Rg8 27. d5 gxf3 28.
Qxf3 fxg3+ 29. Bxg3 Nd4 30. Re1+ Kd8 31. Qf4 Qxg3+ 32. Qxg3 Rxg3 33. Kxg3 Kc7
34. Bh3 Nf5+ 35. Bxf5 Bxf5 36. Kf4 Bd3 37. Ke5 b5 38. d6+ Kd7 39. Rg1 Bg6 40.
Rc1 a5 41. Rc7+ Kd8 42. Ra7 1-0